| 000 | 00462ntaaa2200181 4500 | ||
|---|---|---|---|
| 003 | 01 | ||
| 005 | 20251027202856.0 | ||
| 008 | 0714s1973 ag 01 | ||
| 040 |
_aAR-BaBN _bspa _cAR-BaBN _eaacr _dRIC |
||
| 082 | _a269.2000 F49 | ||
| 100 |
_aFinney, Charles G _929264 |
||
| 245 | _aLectures on revivals of religion | ||
| 250 | _a1 ed. | ||
| 260 |
_aNew York : _bFleming H Revell Company, _c1868 |
||
| 300 | _a445 p | ||
| 650 |
_aavivamientos _919292 |
||
| 942 | _cBK | ||
| 999 |
_c24113 _d24113 |
||